Katalog Plus
Bibliothek der Frankfurt UAS
Bald neuer Katalog: sichern Sie sich schon vorab Ihre persönlichen Merklisten im Nutzerkonto: Anleitung.

Theorie der Magensaftsekretion

Titel: Theorie der Magensaftsekretion / A. Bickel
Verfasser:
Veröffentlicht: Berlin : Berlin-Brandenburgische Akademie der Wissenschaften, 2025
Umfang: 1 Online-Ressource
Format: E-Book
Sprache: Deutsch
Schlagworte:
Kein Bild verfügbar
X
alg: 52838014
001A    $06000:29-03-25 
001B    $01999:29-03-25 $t23:43:16.000 
001D    $06000:29-03-25 
001U    $0utf8 
001X    $00 
002@    $0Oax 
002C    $aText $btxt $2rdacontent 
002D    $aComputermedien $bc $2rdamedia 
002E    $aOnline-Ressource $bcr $2rdacarrier 
003@    $0528380141 
004U    $0urn:nbn:de:kobv:b4-opus4-47493 
006G    $01355902940 
006U    $025,O03 $f20250211 
007A    $01355902940 $aDNB 
009Q    $uhttps://nbn-resolving.org/urn:nbn:de:kobv:b4-opus4-47493 $xR 
009Q    $qapplication/pdf $S0 $uhttps://edoc.bbaw.de/frontdoor/index/index/docId/4749 $xH 
010@    $ager 
011@    $a2025 $n2025 
021A    $aTheorie der Magensaftsekretion $hA. Bickel 
028A    $aBickel $BVerfasser $dA. $4aut 
033A    $pBerlin $nBerlin-Brandenburgische Akademie der Wissenschaften 
034D    $a1 Online-Ressource 
037A    $aIn: Sitzungsberichte der Königlich Preußischen Akademie der Wissenschaften zu Berlin : Jahrgang 1908 ; Zweiter Halbband Juli bis December, S. 1144-1147 
044K    $qDNB $RPraxis $#Theory (Philosophy) $#Théorie (philosophie) $#Theorie $#Theorie $emaschinell gebildet $74059787-8 $8Theorie [Tsz] $9085166316 $k0,09972 
045B    $a615.1 $ADNB $e23kdnb $Emaschinell gebildet $K0,05189 
045E    $c610 
046X    $aArchivierung/Langzeitarchivierung gewährleistet $5DE-101 

lok: 52838014 3

exp: 52838014 3 1 #EPN
201B/01 $029-03-25 $t23:43:16.352 
201C/01 $029-03-25 
201U/01 $0utf8 
203@/01 $01295423022 
208@/01 $a29-03-25 $bl 
209S/01 $S0 $uhttps://edoc.bbaw.de/frontdoor/index/index/docId/4749 $XH 

lok: 52838014 5

exp: 52838014 5 1 #EPN
201B/01 $029-03-25 $t23:43:16.356 
201C/01 $029-03-25 
201U/01 $0utf8 
203@/01 $01295423030 
208@/01 $a29-03-25 $bl 
209S/01 $S0 $uhttps://edoc.bbaw.de/frontdoor/index/index/docId/4749 $XH 

lok: 52838014 8

exp: 52838014 8 1 #EPN
201B/01 $029-03-25 $t23:43:16.358 
201C/01 $029-03-25 
201U/01 $0utf8 
203@/01 $01295423049 
208@/01 $a29-03-25 $bl 
209S/01 $S0 $uhttps://edoc.bbaw.de/frontdoor/index/index/docId/4749 $XH 

lok: 52838014 10

exp: 52838014 10 1 #EPN
201B/01 $029-03-25 $t23:43:16.361 
201C/01 $029-03-25 
201U/01 $0utf8 
203@/01 $01295423057 
208@/01 $a29-03-25 $bl 
209S/01 $S0 $uhttps://edoc.bbaw.de/frontdoor/index/index/docId/4749 $XH 

lok: 52838014 11

exp: 52838014 11 1 #EPN
201B/01 $029-03-25 $t23:43:16.363 
201C/01 $029-03-25 
201U/01 $0utf8 
203@/01 $01295423065 
208@/01 $a29-03-25 $bl 
209S/01 $S0 $uhttps://edoc.bbaw.de/frontdoor/index/index/docId/4749 $XH 

lok: 52838014 20

exp: 52838014 20 1 #EPN
201B/01 $029-03-25 $t23:43:16.365 
201C/01 $029-03-25 
201U/01 $0utf8 
203@/01 $01295423073 
208@/01 $a29-03-25 $bl 
209S/01 $S0 $uhttps://edoc.bbaw.de/frontdoor/index/index/docId/4749 $XH 

lok: 52838014 21

exp: 52838014 21 1 #EPN
201B/01 $029-03-25 $t23:43:16.368 
201C/01 $029-03-25 
201U/01 $0utf8 
203@/01 $01295423081 
208@/01 $a29-03-25 $bl 
209S/01 $S0 $uhttps://edoc.bbaw.de/frontdoor/index/index/docId/4749 $XH 

lok: 52838014 23

exp: 52838014 23 1 #EPN
201B/01 $029-03-25 $t23:43:16.370 
201C/01 $029-03-25 
201U/01 $0utf8 
203@/01 $0129542309X 
208@/01 $a29-03-25 $bl 
209S/01 $S0 $uhttps://edoc.bbaw.de/frontdoor/index/index/docId/4749 $XH 

lok: 52838014 25

exp: 52838014 25 1 #EPN
201B/01 $029-03-25 $t23:43:16.372 
201C/01 $029-03-25 
201U/01 $0utf8 
203@/01 $01295423103 
208@/01 $a29-03-25 $bl 
209S/01 $S0 $uhttps://edoc.bbaw.de/frontdoor/index/index/docId/4749 $XH 

lok: 52838014 108

exp: 52838014 108 1 #EPN
201B/01 $029-03-25 $t23:43:16.374 
201C/01 $029-03-25 
201U/01 $0utf8 
203@/01 $01295423111 
208@/01 $a29-03-25 $bl 
209S/01 $S0 $uhttps://edoc.bbaw.de/frontdoor/index/index/docId/4749 $XH 

lok: 52838014 204

exp: 52838014 204 1 #EPN
201B/01 $029-03-25 $t23:43:16.377 
201C/01 $029-03-25 
201U/01 $0utf8 
203@/01 $0129542312X 
208@/01 $a29-03-25 $bl 
209S/01 $S0 $uhttps://edoc.bbaw.de/frontdoor/index/index/docId/4749 $XH 

lok: 52838014 205

exp: 52838014 205 1 #EPN
201B/01 $029-03-25 $t23:43:16.379 
201C/01 $029-03-25 
201U/01 $0utf8 
203@/01 $01295423138 
208@/01 $a29-03-25 $bl 
209S/01 $S0 $uhttps://edoc.bbaw.de/frontdoor/index/index/docId/4749 $XH
LEADER 00000cam a22000002c 4500
001 528380141
003 DE-603
005 20250329234316.0
007 cr||||||||||||
008 250329s2025 xx |||| o| u00||u|ger
015 |a 25,O03  |2 dnb 
016 7 |2 DE-101  |a 1355902940 
024 7 |a urn:nbn:de:kobv:b4-opus4-47493  |2 urn 
035 |a (DE-599)DNB1355902940 
040 |a DE-603  |b ger  |c DE-603  |d DE-603 
041 |a ger 
082 7 |8 2\p  |a 615.1  |2 23kdnb 
084 |a 610  |q DE-101  |2 sdnb 
100 1 |a Bickel, A.  |e Verfasser  |4 aut 
245 0 0 |a Theorie der Magensaftsekretion  |c A. Bickel 
264 1 |a Berlin  |b Berlin-Brandenburgische Akademie der Wissenschaften  |c 2025 
300 |a 1 Online-Ressource 
336 |a Text  |b txt  |2 rdacontent 
337 |a Computermedien  |b c  |2 rdamedia 
338 |a Online-Ressource  |b cr  |2 rdacarrier 
500 |a In: Sitzungsberichte der Königlich Preußischen Akademie der Wissenschaften zu Berlin : Jahrgang 1908 ; Zweiter Halbband Juli bis December, S. 1144-1147 
650 7 |8 1\p  |a Theorie  |0 (DE-588)4059787-8  |0 (DE-603)085166316  |2 gnd 
856 |u https://nbn-resolving.org/urn:nbn:de:kobv:b4-opus4-47493  |x Resolving-System 
856 |q application/pdf  |u https://edoc.bbaw.de/frontdoor/index/index/docId/4749  |x Verlag  |z kostenfrei 
883 0 |8 1\p  |a maschinell gebildet  |c 0,09972  |q DE-101 
883 0 |8 2\p  |a maschinell gebildet  |c 0,05189  |q DE-101 
924 1 |9 603  |a (DE-603)1295423022  |b DE-603  |c HES  |d d 
924 1 |9 603  |a (DE-603)1295423030  |b DE-603  |c HES  |d d 
924 1 |9 603  |a (DE-603)1295423049  |b DE-603  |c HES  |d d 
924 1 |9 603  |a (DE-603)1295423057  |b DE-603  |c HES  |d d 
924 1 |9 603  |a (DE-603)1295423065  |b DE-603  |c HES  |d d 
924 1 |9 603  |a (DE-603)1295423073  |b DE-603  |c HES  |d d 
924 1 |9 603  |a (DE-603)1295423081  |b DE-603  |c HES  |d d 
924 1 |9 603  |a (DE-603)129542309X  |b DE-603  |c HES  |d d 
924 1 |9 603  |a (DE-603)1295423103  |b DE-603  |c HES  |d d 
924 1 |9 603  |a (DE-603)1295423111  |b DE-603  |c HES  |d d 
924 1 |9 603  |a (DE-603)129542312X  |b DE-603  |c HES  |d d 
924 1 |9 603  |a (DE-603)1295423138  |b DE-603  |c HES  |d d